| 000 | 01203nam a22003257a 4500 | ||
|---|---|---|---|
| 003 | CHAP | ||
| 005 | 20220329134911.0 | ||
| 008 | 971013s1985 r 00010 d | ||
| 010 | _a27748 | ||
| 011 | _a28720 | ||
| 035 | _a32827 | ||
| 040 | _cCHAP | ||
| 082 |
_a630.72 _bI47s 1985 |
||
| 110 |
_aINIA. México. Campo Agrícola Experimental Santiago Ixcuintla _958515 |
||
| 245 | _aGuía para la asistencia técnica agrícola área de influencia del Campo... | ||
| 250 | _a4 ed. | ||
| 260 |
_aSantiago Ixcuintla, Nay. : _bEl Instituto, _c1985 |
||
| 300 |
_a161 p. _b: ilus |
||
| 590 |
_aBATCH-UPD _b10 _c20130110 _lUCH01 _h2115 |
||
| 590 |
_aBATCH-UPD _b10 _c20130410 _lUCH01 _h1426 |
||
| 590 |
_aCONVERSION _b10 _c20130109 _lUCH01 _h1316 |
||
| 650 | 1 | 4 |
_aAgricultura _xInvestigacion _xNayarit. _91646 |
| 650 | 1 | 4 |
_aAgricultura _xNayarit. _91748 |
| 901 | _aBK | ||
| 942 | _cLIBRO | ||
| 949 |
_a630.72 I47s 1985 _bBC _cC _d-144477 _eC _fc.2 _h71496 _i32827 _si |
||
| 949 |
_a630.72 I47s 1985 _bBC _cC _d33724000557690 _eC _h70835 _i32827 _si |
||
| 949 |
_a630.72 I47s 1985 _bBC _cLIBRO _d33724000038295 _eLIBRO _fc.4 _h71496 _i32827 _si |
||
| 949 |
_a630.72 I47s 1985 _bBC _cLIBRO _d33724000038303 _eLIBRO _fc.3 _h71497 _i32827 _si |
||
| 999 |
_c27748 _d27748 |
||